Individuálna účtovná závierka za rok 2010 pre podvojné účtovníctvo podnikateľov
Komplexná praktická pomôcka pre podnikateľské subjekty a tých, ktorí sa zúčastňujú procesu zostavovania účtovnej závierky.
Salvato in:
| Autore principale: | |
|---|---|
| Altri autori: | |
| Natura: | Capitolo di libro |
| Lingua: | slovacco |
| Soggetti: | |
| Tags: |
Nessun Tag, puoi essere il primo ad aggiungerne!!
|
MARC
| LEADER | 00000naa a2200000 4500 | ||
|---|---|---|---|
| 001 | 0123218 | ||
| 005 | 20231127100710.4 | ||
| 041 | 0 | |a slo | |
| 044 | |a SK | ||
| 245 | 1 | 0 | |a Individuálna účtovná závierka za rok 2010 pre podvojné účtovníctvo podnikateľov |c Štefan Kardoš, Vladimír Pastierik |
| 520 | |a Komplexná praktická pomôcka pre podnikateľské subjekty a tých, ktorí sa zúčastňujú procesu zostavovania účtovnej závierky. | ||
| 610 | 2 | 0 | |a účtovníctvo podvojné |
| 610 | 2 | 0 | |a závierka účtovná |
| 610 | 2 | 0 | |a podnikatelia |
| 610 | 2 | 0 | |a predpisy právne |
| 100 | 1 | |a Kardoš, Štefan | |
| 700 | 1 | |a Pastierik, Vladimír | |